Competing against time : How time-based competition is reshaping global markets
Today, time is the cutting edge. In fact, as a strategic weapon, contend George Stalk, Jr., and Thomas M. Hout, time is the equivalent of money, productivity, quality, even innovation. In this path-breaking book based upon ten years of research, the authors argue that the ways leading companies mana...
Đã lưu trong:
| Príomhúdar: | |
|---|---|
| Formáid: | Leabhar |
| Teanga: | Undetermined |
| Foilsithe: |
New York
Free Press
1990
|
| Ábhair: | |
| Clibeanna: |
Cuir Clib Leis
Gan Chlibeanna, Bí ar an gcéad duine leis an taifead seo a chlibeáil!
|
| Thư viện lưu trữ: | Trung tâm Học liệu Trường Đại học Cần Thơ |
|---|
| LEADER | 01102nam a2200205Ia 4500 | ||
|---|---|---|---|
| 001 | CTU_221736 | ||
| 008 | 210402s9999 xx 000 0 und d | ||
| 082 | |a 658.56 | ||
| 082 | |b S775 | ||
| 100 | |a Stalk, George | ||
| 245 | 0 | |a Competing against time : | |
| 245 | 0 | |b How time-based competition is reshaping global markets | |
| 245 | 0 | |c George Stalk, Thomas M. Hout | |
| 260 | |a New York | ||
| 260 | |b Free Press | ||
| 260 | |c 1990 | ||
| 520 | |a Today, time is the cutting edge. In fact, as a strategic weapon, contend George Stalk, Jr., and Thomas M. Hout, time is the equivalent of money, productivity, quality, even innovation. In this path-breaking book based upon ten years of research, the authors argue that the ways leading companies manage time—in production, in new product development, and in sales and distribution—represent the most powerful new sources of competitive advantage... | ||
| 650 | |a Comparative advantage (International Trade),Lợi thế so sánh (thương mại quốc tế) | ||
| 904 | |i Trúc | ||
| 980 | |a Trung tâm Học liệu Trường Đại học Cần Thơ | ||